| 000 | 01210nam a2200349 a 4500 | ||
|---|---|---|---|
| 001 | 2401 | ||
| 003 | CO-ViMGA | ||
| 008 | 141112s2004 ck r 000 u spa d | ||
| 040 |
_aCO-ViMGA _bspa _cCO-ViMGA |
||
| 082 | 0 | 4 | _a986.1 B873 9o. |
| 100 | 1 | _aBurgos, Campo Elias | |
| 245 | 1 | 0 |
_aSociedad activa 9 : _bCiencias Sociales / _cBurgos Campo Elias , Ana Victoria Navarro |
| 260 |
_aSantafé de Bogotá : _bEducar, _c1994 |
||
| 300 | _a279 p : il | ||
| 505 | _aSociales 9 | ||
| 650 | 1 | 4 | _aCOLOMBIA - HISTORIA |
| 650 | 1 | 4 |
_aCONVENIO DE 31 DE DICIEMBRE DE 1887 - COLOMBIA _951275 |
| 650 | 1 | 4 |
_aCULTURA EN COLOMBIA _951276 |
| 650 | 1 | 4 |
_aDERECHOS HUMANOS _955 |
| 650 | 1 | 4 |
_aEconomía Y Política - COLOMBIA _951277 |
| 650 | 1 | 4 |
_aEL CAPITALISMO _95264 |
| 650 | 1 | 4 |
_aEL CONFLICTO DE LAS BANANERAS _951278 |
| 650 | 1 | 4 |
_aIDEOLOGIAS DEL SIGLO XX _951279 |
| 650 | 1 | 4 |
_aINTEGRACION LATINOAméricaNO - ALADI _951280 |
| 650 | 1 | 4 |
_aLA VIOLENCIA EN COLOMBIA _951281 |
| 650 | 1 | 4 |
_aMOVIMIENTO OBRERO - COLOMBIA _951282 |
| 650 | 1 | 4 |
_aOEA - ORIGEN _951283 |
| 650 | 1 | 4 |
_aRELACIONES INTERNACIONALES - COLOMBIA _951284 |
| 650 | 1 | 4 |
_aREPUBLICA LIBERAL _951285 |
| 650 | 1 | 4 |
_aREVOLUCION EN MARCHA _951286 |
| 942 |
_2ddc _cBK |
||
| 999 |
_c14500 _d14500 |
||